Places To Study

There are group study rooms, individual study carrels, computer labs, and other spaces to study in the Libraries.

Reserve A Group Room

Online Resources

Access thousands of eBooks, audiobooks, and online journals from the comfort of your home.

Explore Resources

Events and Workshops

Join our upcoming events and workshops to enhance your skills and knowledge.

View Events

မဇ္ဈိမပဏ္ဏာသ ပါဠိတော်နိဿယ။ (Record no. 2453)

MARC details
000 -LEADER
fixed length control field 01018nam a22001817a 4500
003 - CONTROL NUMBER IDENTIFIER
control field OSt
005 - DATE AND TIME OF LATEST TRANSACTION
control field 20251201151220.0
008 - FIXED-LENGTH DATA ELEMENTS--GENERAL INFORMATION
fixed length control field 251111b |||||||| |||| 00| 0 eng d
040 ## - CATALOGING SOURCE
Transcribing agency DCL
082 ## - DEWEY DECIMAL CLASSIFICATION NUMBER
Classification number ၂၉၄.၃၈၂၃၂၂
130 ## - MAIN ENTRY--UNIFORM TITLE
Uniform title တိပိဋက။
Name of part/section of a work သုတ္တန္တပိဋက။
-- မဇ္ဈိမနိကာယ။
Title of a work မဇ္ဈိမပဏ္ဏာသ၊
Language of a work ပါဠိတော်၊
Version နိဿယ။
245 ## - TITLE STATEMENT
Title မဇ္ဈိမပဏ္ဏာသ ပါဠိတော်နိဿယ။
264 ## - PRODUCTION, PUBLICATION, DISTRIBUTION, MANUFACTURE, AND COPYRIGHT NOTICE
Place of production, publication, distribution, manufacture ရန်ကုန် ၊
Name of producer, publisher, distributor, manufacturer သာသနာရေးဦးစီး၊
Date of production, publication, distribution, manufacture, or copyright notice ၂၉၆၂။
264 ## - PRODUCTION, PUBLICATION, DISTRIBUTION, MANUFACTURE, AND COPYRIGHT NOTICE
Place of production, publication, distribution, manufacture ရန်ကုန် ၊
Name of producer, publisher, distributor, manufacturer နိုင်ငံတော်ဗုဒ္ဓသာသနာအဖွဲ့၊
Date of production, publication, distribution, manufacture, or copyright notice ၁၉၆၂။
300 ## - PHYSICAL DESCRIPTION
Extent ဃိ၊ ၄၂၄ စာမျက်နှာ ၊
Dimensions ၂၅ စင်တီ။
650 ## - SUBJECT ADDED ENTRY--TOPICAL TERM
Topical term or geographic name entry element မဇ္ဈိမပဏ္ဏာသ
Form subdivision ပါဠိတော် နိဿယ။
942 ## - ADDED ENTRY ELEMENTS (KOHA)
Source of classification or shelving scheme Dewey Decimal Classification
Koha item type Short Term
Suppress in OPAC No
Holdings
Withdrawn status Lost status Source of classification or shelving scheme Damaged status Not for loan Collection Accession No. Home library Current library Shelving location Date acquired Total checkouts Full call number Barcode Date last seen Price effective from Koha item type
    Dewey Decimal Classification     Myanmar Pitaka Collection ၁၀၄၉ Dhammadhara Dhammadhara Myanmar Pitaka Shelves 11/11/2025   ၂၉၄.၃၈၂၃၂၂ မဇ္ဈိ ၁၀၄၉ MB00001049 11/11/2025 11/11/2025 Short Term
    Dewey Decimal Classification     Myanmar Pitaka Collection ၂၈၃၂ Dhammadhara Dhammadhara Myanmar Pitaka Shelves 01/12/2025   ၂၉၄.၃၈၂၃၂၂ မဇ္ဈိ ၂၈၃၂ MB00002832 01/12/2025 01/12/2025 Short Term